Lille Airport Destinations (Lille, France) - Statistics

General Stats
  • This quiz has been taken 147 times
    51 since last reset
  • The average score is 29 of 52
Answer Stats
Airline Destination % Correct
Aegean Airlines/Volotea Athens
86%
Ryanair Marseille
86%
easyJet/Volotea Nice
86%
Volotea Barcelona
83%
Air Algérie/ASL Airlines France Algiers
80%
easyJet/Volotea Bordeaux
80%
TUI fly Belgium Casablanca
80%
TUI fly Belgium/Volotea Marrakesh
77%
Nouvelair Tunis
77%
Volotea Rome (Fiumicino)
71%
Volotea Toulouse
71%
Volotea Ajaccio
69%
Aegean Airlines/Sky Express/Volotea Heraklion
69%
Volotea Málaga
69%
Air Algérie Oran
69%
easyJet/Volotea Palma de Mallorca
66%
Air Montenegro Podgorica
66%
Ryanair Porto
66%
Volotea Tenerife (South)
63%
TUI fly Belgium/Volotea Agadir
60%
easyJet Alicante
60%
Volotea Bastia
60%
Nouvelair Djerba
60%
Volotea Faro
60%
easyJet Geneva
60%
Volotea Venice
60%
Air Algérie Constantine
57%
Volotea Corfu
57%
Ryanair Fès
57%
Volotea Split
57%
Volotea Dubrovnik
54%
Nouvelair Monastir
54%
Volotea Fuerteventura
51%
Volotea Montpellier
51%
Volotea Rhodes
51%
Volotea Figari
49%
Volotea Menorca
49%
Air Arabia/TUI fly Belgium Oujda
49%
Volotea Palermo
49%
Volotea Calvi
46%
Volotea Lanzarote
46%
Volotea Olbia
43%
Volotea Perpignan
40%
TUI fly Belgium Nador
37%
Transavia Dakar
34%
ASL Airlines France Toulon
34%
Ryanair Krakow
29%
Volotea Kalamata
26%
Volotea Varna
26%
Volotea Comiso
17%
Volotea Patras
11%
Volotea Rodez
6%
No matching quizzes found
Score Distribution
Percent of People with Each Score
Percentile by Number Answered
Your Score History
You have not taken this quiz since the last reset